000 00467cam a2200181ua 4500
001 12244
008 120824n ii |||gr||||Z||||||eng
020 _a9788186307915
040 _cMAIN
082 _a330.0954162
100 _aH Srikanth,
_eEditor.,
245 _aEthnicity and political economy in northeast india
_cEd by H Srikanth
250 _a1st ed.
260 _aGuwahati:
_bDVS publishers,
_c2016.
300 _a323p.
653 _aEconomics
942 _cBK
999 _c11004
_d11004